LEADER 01183nam a2200241 i 4500 001 000000072738 003 CaOOAMICUS 005 20090414000000.0 008 090414s1957 it u000 u lat u 013 $a43910 040 $aSeMil$bita 245 10$aColucii Salutati De seculo et religione /$cex codicibus manuscriptis primun edidit B. L. Ullman. 260 $aFlorentiae :$bin aedibus Leonis S. Olschki,$c1957. 300 $aXXIX, 175 p. ;$c22 cm. 490 0 $aNuova collezione di testi umanistici inediti o rari ;$v12. 650 4$aSalutati, Coluccio <1332-1406> . De seculo et religione.$0(OLS)http://semarc/subject/14725 700 1 $aUllman, Berthold Louis.$0(OLS)http://semarc/name/9409 700 1 $aSalutati, Coluccio,$d.$0(OLS)http://semarc/name/9408 830 0$aNuova collezione di testi umanistici inediti o rari ;$v12.$0(OLS)http://semarc/title/27858 850 $aSeMil 852 $aSeMil$W1$xVenegono$y1$m2Q II 225$j38891$B38891$CSeMilBibl$Z2$F38894 $81 996 $6245$aColucii Salutati De seculo et religione$9(OLS)http://semarc/title/117352 996 $6260$aFlorentiae :$bin aedibus Leonis S. Olschki$9(OLS)http://semarc/publisher/30072 LEADER 01571nam a2200313 i 4500 001 000000195215 003 CaOOAMICUS 005 20210825153432.0 008 101203s2010 gw u000 u ger u 013 $a173881 020 $a978-3-402-10913-7 040 $aSeMil$bita 100 1 $aGiannoulis, Markos.$0(OLS)http://semarc/name/70854 245 14$aDie Moiren :$bTradition und Wandel des Motivs der Schicksalsgöttinen in der antiken und byzantinischen Kunst /$cvon Markos Giannoulis. 264 1$aMünster :$bAschendorff,$c2010. 300 $aVI, 200 p., 44 p. di tav. :$bill. ;$c25 cm. 490 1 $aJahrbuch für Antike und Christentum Ergänzungsband. Kleine Reihe ;$v6 650 4$aArte bizantina.$0(OLS)http://semarc/subject/453 650 4$aDestino.$0(OLS)http://semarc/subject/7665 650 4$aArte - Temi [:] Destino.$0(OLS)http://semarc/subject/36665 650 4$aArte antica - Mitologia greca - Moire.$0(OLS)http://semarc/subject/36666 830 0$aJahrbuch für Antike und Christentum Ergänzungsband. Kleine Reihe ;$v6.$0(OLS)http://semarc/title/17338 850 $aSeMil 852 $aSeMil$W1$xVenegono$y1$m3KA C 6$j222034$B145784$CSeMilBibl$Z2$F157325 $81 961 $aSottoscrizione: Aschendorff 996 $6020$a978-3-402-10913-7$9(OLS)http://semarc/number/186871 996 $6245$aDie Moiren :$bTradition und Wandel des Motivs der Schicksalsgöttinen in der antiken und byzantinischen Kunst$9(OLS)http://semarc/title/281597 996 $6264$aMünster :$bAschendorff$9(OLS)http://semarc/publisher/29674